| 000 | 00557nam a22001697a 4500 | ||
|---|---|---|---|
| 008 | 161110b xxu||||| |||| 00| 0 eng d | ||
| 020 | _a978-971-23-7824-9 | ||
| 082 |
_22016 _aDFil 650.1 _bM33b |
||
| 100 |
_917027 _aMariano, Norma Lopez. _eauthor. |
||
| 245 |
_aBusiness mathematics/ _cNorma Lopez-Mariano. |
||
| 250 | _aFirst edition. | ||
| 260 |
_aSampaloc, Manila: _bRex Book Store, _cc2016. |
||
| 300 |
_axiv, 313 pages; _c25 cm. |
||
| 500 | _aIncludes bibliographical references and index. | ||
| 650 | 0 |
_917026 _aBusiness mathematics. |
|
| 942 |
_2ddc _cDFIL |
||
| 999 |
_c5525 _d5525 |
||